000 00503nam a2200169Ia 4500
020 _a0442259034(hb)
082 _a721
_bLIN
_cL-37, P-32
100 _aLin, T.Y.
_942964
245 _aStructural concepts and systems for architects and engineers
250 _a2nd ed.
260 _aNew York:
_bVan Nostrand Reinhold Company,
_c1988
300 _a507p. :ill
526 _a0
_b0
_c0
_d721_000000000000000_LIN
650 _aStructural Design
700 _aStotesbury, Sidney D.
_945824
942 _2ddc
_cBK
999 _c549264
_d549264